LIBRARY & INFORMATION CENTRE, KCAET, TAVANUR

ONLINE PUBLIC ACCESS CATALOGUE (OPAC)

Determination of water balance components of a micro watershed for improved water management practices / (Record no. 18066)

MARC details
000 -LEADER
fixed length control field 00444nam a22001457a 4500
003 - CONTROL NUMBER IDENTIFIER
control field OSt
082 ## - DEWEY DECIMAL CLASSIFICATION NUMBER
Classification number 631.75807
Item number PRA/DE
088 ## - REPORT NUMBER
Report number T 598
100 ## - MAIN ENTRY--AUTHOR NAME
Personal name Prakash, Bowlekar Adwait
245 ## - TITLE STATEMENT
Title Determination of water balance components of a micro watershed for improved water management practices /
260 ## - PUBLICATION, DISTRIBUTION, ETC. (IMPRINT)
Name of publisher DEPARTMENT OF SOIL AND WATER CONSERVATION ENGINEERING
300 ## - PHYSICAL DESCRIPTION
Number of Pages 211p.
700 ## - ADDED ENTRY--PERSONAL NAME
Personal name Sathian K.K (Guide)
942 ## - ADDED ENTRY ELEMENTS (KOHA)
Koha item type Theses
Holdings
Collection code Home library Current library Full call number Accession Number Koha item type Public note
Reference KAUAET KAUAET 631.75807 PRA/DE T 598 Theses PhD Thesis
free website counter